[Event "Amposta Balague Memorial 2nd"]
[Site "Amposta"]
[Date "2015.07.15"]
[Round "1"]
[White "Reverter Sancho, Batista"]
[Black "Uran Bermudez, Oliver Kevin"]
[Result "0-1"]
[WhiteElo "1520"]
[BlackElo "2216"]
[PlyCount "54"]
[EventDate "2015.07.15"]
[EventType "swiss"]
[EventRounds "9"]
[EventCountry "ESP"]
[SourceTitle "CBM 167 Extra"]
[Source "ChessBase"]
[SourceDate "2015.09.14"]
[SourceVersion "1"]
[SourceVersionDate "2015.09.14"]
[SourceQuality "1"]

1. g3 f5 2. Bg2 Nf6 3. d4 e6 4. Nd2 d5 5. b3 Ne4 6. Nxe4 fxe4 7. Bb2 Qf6 8. Nh3 Bb4+ 9. c3 Bd6 10. 0-0 0-0 11. Qd2 h6 12. e3 c6 13. Qe2 b6 14. a4 e5 15. Kh1 exd4 16. exd4 Qg6 17. Bc1 Bg4 18. Qc2 Qh5 19. Nf4 Bxf4 20. Bxf4 Nd7 21. c4 g5 22. Be3 Rac8 23. c5 bxc5 24. dxc5 Ne5 25. Rg1 Nf3 26. Bxf3 Bxf3+ 27. Rg2 Qh3 0-1

[Event "Catalunya-ch Seniors"]
[Site "Andorra"]
[Date "2006.07.24"]
[Round "7"]
[White "Reverter Sancho, Batista"]
[Black "Castan Sanclemente, Alejandro"]
[Result "0-1"]
[WhiteElo "1812"]
[BlackElo "2040"]
[PlyCount "54"]
[EventDate "2006.07.18"]
[EventType "swiss"]
[EventRounds "9"]
[EventCountry "ESP"]
[SourceTitle "EXT 2019"]
[Source "ChessBase"]
[SourceDate "2018.10.10"]
[SourceVersion "1"]
[SourceVersionDate "2018.10.10"]
[SourceQuality "1"]

1. e4 e5 2. Nf3 Nf6 3. Nc3 Nc6 4. Be2 Bc5 5. 0-0 0-0 6. d3 h6 7. Na4 Be7 8. b3 d5 9. exd5 Nxd5 10. g3 b5 11. c4 bxa4 12. cxd5 Qxd5 13. Nd2 Bb7 14. Bb2 Nd4 15. Ne4 f5 16. f3 fxe4 17. dxe4 Nxe2+ 18. Qxe2 Qe6 19. Qb5 Ba6 20. Qxa4 Bxf1 21. Rxf1 Bc5+ 22. Kg2 Rad8 23. Bc1 Rd3 24. b4 Qc4 25. Qc6 Qxb4 26. Bxh6 Bd4 27. h3 Qc3 0-1

[Event "Tortosa op"]
[Site "Tortosa"]
[Date "1996.07.08"]
[Round "4"]
[White "Reverter Sancho, Batista"]
[Black "Pla Andreu, Abraham"]
[Result "1-0"]
[WhiteElo "1915"]
[BlackElo "1815"]
[PlyCount "105"]
[EventDate "1996.07.05"]
[EventType "swiss"]
[EventRounds "9"]
[EventCountry "ESP"]
[SourceTitle "EXT 2003"]
[Source "ChessBase"]
[SourceDate "2002.11.25"]
[SourceVersion "1"]
[SourceVersionDate "2002.11.25"]
[SourceQuality "1"]

1. g3 c5 2. Bg2 d6 3. c4 Nf6 4. d3 g6 5. Bg5 Bg7 6. Nc3 Nc6 7. e3 Rb8 8. Nge2 Bd7 9. 0-0 Qc8 10. Rb1 0-0 11. Bxf6 Bxf6 12. Nd5 Kg7 13. a3 Qd8 14. Nxf6 exf6 15. Nf4 Ne5 16. b4 b6 17. b5 Bg4 18. f3 Be6 19. Bh3 Bxh3 20. Nxh3 Qc8 21. Nf4 a6 22. a4 axb5 23. axb5 Ra8 24. Qb3 Qb7 25. Nd5 Rfe8 26. Qc3 Nd7 27. f4 Ra2 28. Rb2 Rea8 29. Rff2 Ra1+ 30. Kg2 Re8 31. g4 Rxe3 32. Rbe2 Rxe2 33. Qxa1 Rxf2+ 34. Kxf2 h6 35. h4 Qb8 36. g5 hxg5 37. hxg5 Qd8 38. Kf3 Kg8 39. Nxf6+ Nxf6 40. Qxf6 Qa8+ 41. Kg3 Qh1 42. Qd8+ Kg7 43. Qf6+ Kg8 44. Qxd6 Qg1+ 45. Kf3 Qf1+ 46. Ke4 Qe2+ 47. Kd5 Qf3+ 48. Ke5 Qe3+ 49. Kf6 Qf3 50. Qb8+ Kh7 51. Kxf7 Qxf4+ 52. Qxf4 Kh8 53. Qh2# 1-0